000
00352nam a2200145 a 4500
005
20140414093834.0
008
090121s19uu xx uuu eng d
050
_a
CDR 795
_b
CAS 1999
100
_a
Hoyle
245
_a
Casino.
650
_a
Games
_x
Interactive videos.
650
_a
Amusement
_x
Interactive videos.
942
_c
AVM
999
_c
108910
_d
108910